埔里巴宰七社志

資料類型: Book 圖書   書目號:32319

Leader xxxxxxxxxx
001 __ GE0011490
005 __ 19981008094010.5
008 __                                    chi  
010 0_ |a|b平裝|dNT$200
100 __ |a19960726d1981       y0chiy09      e.
101 0_ |achi.
102 __ |atw.
105 __ |aab  z   000yy.
200 1_ |a埔里巴宰七社志|e|f衛惠林撰.
205 __ |a初版二刷.
210 __ |a臺北市|c中央研究院民族學研究所|d民88[1999]
215 0_ |a[14],170面|c圖表,摺地圖|d26公分.
225 2_ |a中央研究院民族學研究所專刊|v27.
260 1_ |a1981.
320 __ |a附錄: 部落地圖等 4種.
320 __ |a參考書目: 面145-148.
410 _0 |12001 |a中央研究院民族學研究所專刊|v27.
517 11 |aAn enthnography of the seven villages of the pazeh on the P'uli Plain|zeng.
606 __ |2csh|a平埔族.
681 __ |a536.299|b2154.
700 _1 |a|b惠林|4撰.
702 __ |a|b|4
801 _0 |atw|b東華|c19960726|gCCR.
詳細館藏(共 1 筆)
索 書 號登 錄 號冊次號館別 / 館藏地流通類型狀態加入預約清單電子資源
536.299 / 8737 5003030  鄉土教育資源中心 / 鄉土教育資源中心 不可外借 在館   

| 條列資料




目錄查詢 分類查詢 個人資料 圖書薦購 新書查詢 閉館日 排行榜 更多電子資源 Hami書城 線上資料庫 登出

From : 216.73.217.14

  本日流通累計至 13:39:57 借閱 : 0 次 續借 : 0 次 歸還 : 0 次 預約 : 0 次 電子資源 : 0 次


內湖高中圖書館  PCLIS 版本  25.5.0.2